[Event "WchT 8th"]
[Site "Ningbo"]
[Date "2011.07.17"]
[Round "1.2"]
[White "Roiz, Michael"]
[Black "Movsesian, Sergei"]
[Result "1/2-1/2"]
[WhiteElo "2669"]
[BlackElo "2700"]
[Annotator "Roiz,M"]
[PlyCount "69"]
[EventDate "2011.07.17"]
[EventType "team-tourn"]
[EventRounds "9"]
[EventCountry "CHN"]
[SourceTitle "CBM 144"]
[Source "ChessBase"]
[SourceDate "2011.09.16"]
[SourceVersion "1"]
[SourceVersionDate "2011.09.16"]
[SourceQuality "1"]
[WhiteTeam "Israel"]
[BlackTeam "Armenia"]
[WhiteTeamCountry "ISR"]
[BlackTeamCountry "ARM"]

1. d4 Nf6 2. c4 e6 3. Nc3 Bb4 4. Qc2 O-O 5. a3 Bxc3+ 6. Qxc3 d5 7. Nf3 dxc4 8.
Qxc4 b6 9. Bg5 {That line was quite predictable, although Sergei is known as a
great expert in the Chebanenko system.} Bb7 {The most fashionable move.} (9...
Ba6) 10. Rc1 {White should accept the challenge.} ({In the following game
Black shouldn't experience any problems due to his excellent development:} 10.
Rd1 Nbd7 11. e3 Qc8 (11... Bd5 12. Qc2 c5 13. dxc5 bxc5 $11) 12. Be2 c5 13. O-O
Bd5 14. Qa4 Bc6 (14... a6 15. dxc5 Nxc5 16. Qh4 Nce4 $11) 15. Qc2 Qb7 16. Bxf6
Nxf6 17. dxc5 Be4 18. Qb3 bxc5 19. Qxb7 Bxb7 20. Rc1 $14 {1-0 Bukavshin,I 
(2458)-Predojevic,B (2626)/Moscow RUS 2011/The Week in Chess 849 (38)}) 10...
c5 11. dxc5 Bd5 $2 $146 {This terrible move was made after a long meditation.
Black is just losing a lot of time, since e2-e4 will come soon with a tempo!
More than that, the queen has nothing to do on c4 anyway, so Black's decision
looks very strange.} ({Perhaps Sergei couldn't remember the ''official
theory'' which starts after} 11... h6 12. Bxf6 (12. Bf4 Bd5 (12... bxc5 $6 13.
Qxc5 Nbd7 14. Qc7 $1 {doesn't solve Black's problems.}) 13. Qc2 (13. Qa4 Nbd7)
13... Nbd7 (13... bxc5 14. e3 Nc6 15. Bc4) 14. Bd6 (14. c6 Rc8 15. c7 Qe7 16.
Ne5 (16. e3 e5 17. Bg3 Nc5) 16... Nc5 17. b4 Nb3 18. Nc6 Bxc6 19. Qxb3 e5 $132)
(14. cxb6 Qxb6 15. e3 (15. b4 Ne4 16. e3 Qb7 {followed by 17...Rac8.}) 15...
Qb7 16. Qc7 (16. Be2 Rac8 17. Qb1 Be4 18. Qa1 Rxc1+ 19. Qxc1 Rc8 $36) 16...
Rac8 (16... Qxb2 17. Rc2) 17. Qxb7 Rxc1+ 18. Kd2 Rxf1 19. Qxd5 Rxf2+ 20. Ke1
Nxd5 21. Kxf2 Rc8 $15) 14... Nxc5 $1 15. Bxf8 Qxf8 16. e3 (16. b4 Nb3 17. Rd1
a5 $1 18. e4 (18. Rxd5 Nxd5 19. Qxb3 axb4 20. a4 b5) 18... Rc8 19. Qb2 Nxe4 $15
) 16... Nb3 17. Bc4 (17. Rd1 Rc8 18. Qb1 Qc5 19. Bd3 Qa5+ 20. Ke2) 17... Nxc1 (
17... Bxc4 18. Qxc4 Nxc1 19. Qxc1 Rc8 20. Qb1 Nd5) 18. Bxd5 Nxd5 19. Qxc1 Rc8
20. Qb1 Qc5 21. O-O Qc2 22. Qxc2 (22. Nd4 $6 Qxb1 23. Rxb1 e5) 22... Rxc2 23.
Rb1 {1/2 Anand,V (2810)-Kramnik,V (2784)/Wijk aan Zee NED 2011/[Van Delft &
Ris]}) 12... Qxf6 13. Qc3 (13. cxb6 Qxb2) 13... Qxc3+ 14. Rxc3 Rc8 15. e3 Nd7
16. Bb5 Nxc5 $11 {1/2 Pushin,V (2393)-Virovlansky,S (2449)/Tolyatti RUS 2011/
The Week in Chess 857 (54)}) 12. Qf4 $6 {Missing a great chance.} ({After} 12.
Qh4 $1 h6 ({Even worse is} 12... Nbd7 13. c6 h6 (13... Nc5 14. Nd2) 14. Bxh6
gxh6 15. cxd7 Nxd7 16. Qxh6 Qf6 17. Qxf6 Nxf6 18. Nd4 Rac8 19. Rd1 $18) 13.
Bxf6 Qxf6 14. Qxf6 gxf6 15. cxb6 axb6 16. e3 $16 {White could get a winning
position from a technical point of view. Of course, Black has some practical
chances, but White should consolidate his position while retaining a sound
extra pawn.}) 12... bxc5 {That is the point! Now Black gets an extra option
due to the vulnerability of the queen.} 13. e4 Bb7 14. e5 Nd5 {Somehow I had
underestimated Black's defensive resources here. In fact, White is much better
and has 2 bishops and attacking prospects, but I still had to make 2 more
moves to complete my development!} 15. Qh4 (15. Qg3 $6 {is not a safe square
for my queen:} Ne7 16. Nd2 h6 17. Bf6 Nf5 18. Bxd8 Nxg3 19. hxg3 Rxd8 $11) ({
I mainly considered} 15. Qg4 $5 f6 16. exf6 Nxf6 17. Qxe6+ Kh8 18. Rd1 Nbd7 (
18... Qa5+ 19. Bd2 Qc7 20. Be3 $14) 19. Bxf6 Qxf6 20. Qxf6 Rae8+ 21. Be2 Nxf6
22. Rd2 $14 {and Black does not have sufficient compensation for the pawn.})
15... Qa5+ 16. Bd2 Qd8 ({After} 16... Qb6 17. Bd3 f5 18. exf6 Nxf6 19. Bc3 Nbd7
20. O-O Bxf3 21. gxf3 $36 {the bishops are extremely strong, so I believe
Black is in troubles here.}) 17. Bg5 Qa5+ 18. Bd2 Qd8 {Here I had several
tempting continuations, so my choice was quite complicated.} 19. Qe4 $1 {
Probably the strongest.} (19. Qh3 Ne7 20. Be2 (20. Rxc5 {is not in the spirit
of this position and offers Black quick development, so it didn't even cross
my mind.} Ng6 21. Be2 Nd7 $44) 20... Nd7 21. Bc3 h6 22. O-O Rc8 {looks normal
for Black.}) (19. Ng5 h6 20. Bd3 Nd7 (20... f5 $5 21. exf6 Nxf6 22. Bc4 Bd5
$132) 21. Qe4 (21. Bh7+ Kh8 22. Bb1 Ba6 $132) 21... N5f6 22. Qxb7 Nxe5 $132)
19... Qd7 $6 (19... Qb6 {was stronger:} 20. Bd3 f5 21. exf6 Nxf6 22. Qe2 Nbd7
23. O-O Bxf3 24. Qxf3 Ne5 25. Qe2 Nxd3 26. Qxd3 Qxb2 27. Be3 Rfd8 28. Qc4 {
with a very small advantage for White.}) 20. Bd3 (20. Rxc5 Ne7 21. Qf4 Na6 $44)
20... f5 21. exf6 (21. Qe2 Nb6 22. Bb5 Qe7 23. O-O $14 {is also slightly
better for White.}) 21... Nxf6 22. Qe2 Bxf3 (22... Rd8 $6 23. Ne5 Qd6 24. Ba5
$1 $16) 23. Qxf3 Nc6 {Black is counting only on the dynamic components of the
position.} (23... Rd8 $2 24. Ba5 $1 $18) 24. Bc3 {Although that is not the
strongest move, I am sure that from a human point of view I made the right
decision without spending much time.} ({Frankly speaking, I doubt if any GM
could be able to calculate everything till the end and find all the tactical
resources in the following line:} 24. Rxc5 $1 Rac8 {[%csl Rc5,Rd2,Rd3][%cal
Gc6d4]} (24... Nd4 25. Qd1 $16) 25. Qe3 $1 Rcd8 26. Bc3 Ng4 27. Bxh7+ (27. Qh3
Qxd3 28. Qxd3 Rxd3 29. Rxc6 Rxf2 $11) 27... Kxh7 28. Qe4+ Rf5 29. O-O $1 Rc8
30. h3 $1 Kh8 31. Rxc6 Rxc6 32. Qxg4 $16) 24... Nd4 25. Bxd4 (25. Qh3 $5 Qd5 (
25... h6 26. O-O Nd5 27. Bc4 $14) (25... g6 26. O-O Nd5 27. Bc4 $14) 26. Bxd4
cxd4 27. O-O Rac8 28. Rce1 Rfe8 29. f4 $14) 25... cxd4 ({I believe, Black's
defensive task is easier after} 25... Qxd4 $142 26. O-O Rad8 27. Bb1 Qxb2 28.
Qe3 $14) 26. O-O (26. Qc6 {would be premature:} Qxc6 27. Rxc6 Rab8 $1 28. b4
Rbc8 29. Rxc8 Rxc8 30. Kd2 Rc3 $132 {and Black is fine.}) 26... Rac8 27. Qe2
$14 {White has a stable advantage - Black has several weaknesses, while the
king cannot feel completely safe. Unfortunately, at this point it was already
clear that our team is going to lose the match. Somehow I couldn't find the
right plan and managed to spoil everything.} (27. g3 Rxc1 28. Rxc1 e5 29. Qe2
Qd6 30. b4 $14) 27... Qd6 28. Bc4 Rc6 29. Rfe1 Re8 30. Bb5 (30. Rcd1 $5 Re7 31.
b3 Kf8 32. f4 Qxf4 33. Rf1 Qe3+ 34. Qxe3 dxe3 35. Rf3 $14) 30... Rxc1 31. Rxc1
{White has got control of the c-file, but it's not easy to exploit that.} Re7
32. g3 $6 {A critical loss of time which allows Black to consolidate his
position.} (32. Rc6 Qd5 33. b4 g6 34. Rc5 Qe4 35. Qd2 Nd5 36. g3 $14) ({
I had an effective way of making some progress} 32. Qd3 $1 Rb7 (32... g6 $6 33.
Rc4 Ng4 (33... e5 $4 34. Rc6 $18) 34. Qxd4 Qxh2+ 35. Kf1 $16) 33. g3 Kf7 34. a4
$14 {[%cal Gc1c4,Gd3c2] and Black is doomed to passive defence and cannot push
his central pawns.}) 32... Kf7 33. Bc4 $6 ({White could still maintain some
advantage by} 33. Qd2 g6 34. a4 $14 {[%cal Gc1c6] although things are much
less clear than earlier.}) 33... g6 34. Re1 Nd7 $132 {Now Black is ok, as he
is ready to push his central pawns.} ({I was hoping for} 34... Kg7 35. Qe5 Qxe5
36. Rxe5 {but} Rb7 37. Rxe6 Rxb2 38. Re7+ Kh6 39. Rxa7 Ng4 $132 {was also
enough to keep the balance.}) 35. h4 {Having just few minutes left on my clock,
I decided to secure the only half point for our team in this match and offered
a draw...} 1/2-1/2

[Event "Hastings 0304 79th"]
[Site "Hastings"]
[Date "2004.01.05"]
[Round "9"]
[White "Rowson, Jonathan"]
[Black "Epishin, Vladimir"]
[Result "1-0"]
[WhiteElo "2541"]
[BlackElo "2658"]
[Annotator "Rowson,J"]
[PlyCount "113"]
[EventDate "2003.12.28"]
[EventType "tourn"]
[EventRounds "9"]
[EventCountry "ENG"]
[EventCategory "13"]
[SourceTitle "CBM 099"]
[Source "ChessBase"]
[SourceDate "2004.03.30"]
[SourceVersion "1"]
[SourceVersionDate "2004.03.30"]
[SourceQuality "1"]

{[%mdl 2]} 1. d4 Nf6 2. c4 e6 3. Nc3 Bb4 4. Qc2 d5 {Epishin normally castles
here but perhaps he was not in the mood for 5.e4!? which I ventured earlier in
the tournament against Kunte.} 5. a3 (5. cxd5 Qxd5 {after which White
struggles to prove an advantage.}) 5... Be7 $6 {But this is definitely
sub-standard. The move a2-a3 is quite a big asset on general grounds because
it allows me to meet ...c5 with dc and b4 and I can also consider playing the
Carlsberg structure after cd ed when I can immediately start a minority attack.
I assume my opponent was hoping for} 6. Nf3 Nbd7 (6... O-O 7. Bf4 {And now
neither of the main defences to the Bf4 QGD are attractive:} c5 (7... Nbd7 $2
8. cxd5 exd5 9. Nb5 c6 10. Bc7 Qe8 11. Nd6 Bxd6 12. Bxd6) 8. dxc5 Nc6 9. e3
Bxc5 {(as is simply an extra tempo here)}) 7. Bf4 c6 {I thought this passive
move was more or less forced but there is probably an improvement here. A
further value of a3 is shown in the line:} (7... dxc4 8. e4 Nb6 9. Nb5 $1 Bd6 (
9... O-O 10. Nxc7 Rb8 11. Nb5 Ra8 12. Be2 {with a clear edge to white.}) 10. e5
{When Bb4+ is not possible.}) ({However,} 7... a6 $1 {is playable:} 8. cxd5
exd5 9. e3 (9. Nb5 $2 axb5 10. Bxc7 Bb4+ $1 11. Kd1 Qe7) 9... O-O 10. Bd3 c5)
8. e3 Nh5 {In some ways the only move, because if I play h3 the bishop will
enjoy a very juicy diagonal.} 9. Be5 O-O 10. h3 $1 {[#] The exclam is for
psychological restraint rather than objective strength. Some combination of
Bd3, g4 and cd was tempting and probably good but I had a feeling in my bones
that I should be more patient somehow, and I have found that my bones are
often wiser than my brain.} Nxe5 11. dxe5 g6 (11... f6 $5 {is more combative.}
12. g4 (12. Bd3 g6 {and now what?} 13. O-O-O Qc7) (12. Be2 {I would probably
have contented myself with a more positional approach} fxe5 13. Nxe5 {White
will castle kingisde and try to exert pressure on the centre, but without a
dark squared bishop I suspect my chances of being seriously better are slim.})
12... fxe5 13. Nxe5 Qc7 $1) 12. O-O-O $5 b5 $1 {A good practical decision
which causes me some problems.} (12... f6 13. g4 Ng7 14. h4 {Seems to give
White quite a dangerous initiative e.g.} fxe5 15. Nxe5 Bf6 16. f4 Qc7 17. Qh2
$1) 13. cxb5 (13. g4 $5 {I was tempted to keep the c-file closed like this,
but the problem is that Black can generate an attack immediately:} Ng7 14. h4
bxc4 15. Bxc4 (15. h5 $5 {is possible, but it looks too slow.}) 15... Qa5 16.
Bd3 Rb8) 13... cxb5 14. Bxb5 Bb7 {This bishop does very little over the next
few moves and it only functions well on b7 in conjunction with a timely f6.
This may not be a mistake, but I was pleased to see it somehow.} (14... Bd7 $5
{might be an improvement but perhaps my opponent was afraid of} 15. Bxd7 (15.
Be2 Qa5 {with b and c file action to follow, looks very dangerous}) 15... Qxd7
16. Kd2 $5 {when my king looks like it might be safe on e2 or f1.}) 15. Nd4 Rc8
16. Qa4 $6 {[#] "A real howler" according to Kotronias, because now if Black
plays Qb6 I can't play Kb1 and my king remains under fire.} (16. Kb1 $1 {
seems to retain some advantage but there is still scope for Black to cause
trouble. I think I was still too attached to the option of Kd2-e2 but that is
probably just the burden of what Tiger Hillarp Persson calls "too much talent",
and believe me, that is not a compliment.}) 16... Rc5 $6 {A multi-facted move,
designed to put the queen behind the rook and also to have Ra5 resources.
However, it is probably a mistake.} (16... Qb6 $1 17. g4 Ng7 18. f4 f6 19. exf6
Bxf6 20. Rd2 g5 $5 {Kotronias felt Black was better here, and I heard that my
opponent thought he was much better after 16...Qb6 but things don't look so
clear to me.} 21. Rhd1 a6 22. Be2 gxf4 23. exf4 e5 24. fxe5 Bxe5 {On second
thoughts, Black probably is better here. He has the safer king, two bishops
and now all his pieces make sense. There is also a lingering threat of taking
on d4 twice and playing Ne6 and d4.} (24... Bg5 $5 {is probably a mistake. The
e5 pawn and black squared bishop are worth a rook.})) 17. g4 {I was trying to
avoid weakening my position like this, but if I leave it too long he might
play f6 and retain the option of Nf6-e4 which could be troublesome.} Ng7 18.
Kb1 {I have to admit that this move felt good, White is probably fairly safe
now, although Black's compensation is not exhausted.} a6 (18... Qb8 19. f4 Rxc3
20. bxc3 a6 {I was pleased to see that this idea doesn't work} 21. Bd3 Bc6+ 22.
Qb3 $1 Ba4 23. Qxb8 Rxb8+ 24. Ka2) 19. Be2 Qc7 20. f4 Rb8 {Black's attack
doesn't convince, mainly because his knight and light squared bishop play
little part in it while all of my minor pieces contribute to the defence.} 21.
Na2 $1 {A safe move, removing any nasty Rc3 ideas and sometimes planning
Nb4-d3 to overprotect b2} Bc8 $2 (21... f6 $5 {was Speelman's suggestion in
The Independent.} 22. exf6 Bxf6 23. Rc1 (23. g5 $5 {was given by Spess, but it
doesn't seem necessary.}) 23... e5 24. Rxc5 Qxc5 25. fxe5 Bxe5 {It is curious
that Fritz 7 thinks this position is equal, despite Black's pawn deficit.} 26.
Rd1 {I guess White is better here.}) (21... Qb6 $5 22. Qb3 Qd8 23. Qd3 $1 (23.
Rc1 Ba8 24. Qd3 Qb6 {given by Short, is not so clear.}) 23... Qb6 24. Rd2 {
and it looks like White can soak up the pressure.}) 22. Rc1 Qb7 23. Nb4 {
[#] Now my opponent looked distinctly non-plussed and started to move quickly
and angrily,along the lines of "I'll huff and I'll puff and I'll blow your
house down" but even though he outplays me over the next few moves, my
position is good enough to absorb a few mistakes and the house remained
standing.} a5 24. Rxc5 Bxc5 25. Qxa5 Bb6 26. Qa4 {Sloppy. I didn't see g5
coming.} (26. Qb5 $1 g5 27. Qd3 {with the idea of Bd1-c2 should end the game.})
26... g5 27. Qd1 gxf4 28. exf4 Bd7 29. Qd2 $6 (29. Qd3) 29... Ba5 30. Rc1 h6
31. Rc5 $1 Bxb4 32. axb4 Qxb4 33. Qc3 $1 {An important move, which I had
foreseen. Otherwise I lose my shape.} Qxc3 34. Rxc3 Rb4 35. Rd3 Bb5 {Bye bye
bad bishop, hello lost endgame.} 36. Nxb5 Rxb5 37. Rd4 Rb8 38. b4 Ne8 39. Kb2
Kf8 40. b5 Ke7 {Time control reached. Now was I pleased to see that there is
no defence to the simple idea of overstretching him by pushing my kingside
pawns and that I don't really need to protect my b5 pawn.} 41. Ra4 Nc7 42. h4
$1 Rb7 43. g5 h5 {The best try to confuse matters but now I was enjoying
myself too much to make any mistakes.} 44. Ra5 d4 45. Bc4 Ne8 46. Kb3 Ng7 47.
Bd3 Nf5 (47... Rc7 48. b6 Rc3+ 49. Kb2) 48. Bxf5 exf5 49. Kc4 Rd7 50. Kd3 Rd5
51. Ra7+ Ke6 52. Kc4 Rd8 53. Ra6+ Ke7 54. Rd6 Rc8+ 55. Kb4 Rc1 56. Rxd4 Rh1 57.
b6 1-0

[Event "FIDE World Cup"]
[Site "Tbilisi"]
[Date "2017.09.03"]
[Round "1.1"]
[White "Eljanov, Pavel"]
[Black "Lenderman, Aleksandr"]
[Result "0-1"]
[WhiteElo "2734"]
[BlackElo "2565"]
[Annotator "Sagar Shah"]
[PlyCount "114"]
[EventDate "2017.09.03"]
[EventType "k.o."]
[EventRounds "7"]
[EventCountry "GEO"]
[SourceTitle "CBM 181"]
[Source "ChessBase"]
[SourceDate "2017.11.10"]
[SourceVersion "1"]
[SourceVersionDate "2017.11.10"]
[SourceQuality "1"]
[TimeControl "40/5400+30:1800+30"]

{[%mdl 8192]} 1. d4 {[%emt 0:00:00]} Nf6 {[%emt 0:00:10]} 2. c4 {[%emt 0:00:00]
} e6 {[%emt 0:00:06]} 3. Nc3 {[%emt 0:00:00]} Bb4 {[%emt 0:00:05]} 4. Qc2 {
[%emt 0:00:00]} O-O {[%emt 0:00:20]} 5. a3 {[%emt 0:00:09]} Bxc3+ {[%emt 0:00:
07]} 6. Qxc3 {[%emt 0:00:03]} d5 {[%emt 0:00:17]} 7. Bg5 {[%emt 0:00:36]} dxc4
{[%emt 0:05:50]} 8. Qxc4 {[%emt 0:00:05]} b6 {[%emt 0:00:09]} 9. Rc1 {[%emt 0:
00:43]} Ba6 {[%emt 0:01:18]} 10. Qa4 {[%emt 0:00:06]} Qd7 {[%emt 0:03:27]} 11.
Qxd7 {[%emt 0:00:31]} Nbxd7 {[%emt 0:00:06]} 12. Bxf6 {[%emt 0:00:24]} Nxf6 {
[%emt 0:00:38]} 13. e3 {[%emt 0:00:06]} Bxf1 {[%emt 0:00:42]} 14. Kxf1 {
[%emt 0:00:04]} Rfc8 {[%emt 0:14:15] I am not sure if White has any advantage,
but these are the positions in which Pavel is an extremely dangerous opponent.
Look how he able to slowly convert this equal looking position into a
completely favourable one.} 15. Rc6 $1 {[%emt 0:13:31] Buying time. Black will
have to lose some moves to kick the rook out from c6, meanwhile White will
finish his development.} Nd5 {[%emt 0:00:34]} 16. Nf3 {[%emt 0:00:05]} Ne7 {
[%emt 0:00:19]} 17. Rc2 {[%emt 0:00:36]} f6 {[%emt 0:08:51]} (17... c5 18. dxc5
Rxc5 19. Rxc5 bxc5 20. Nd2 $14) 18. Ke2 {[%emt 0:00:36]} Kf7 {[%emt 0:00:33]}
19. Rhc1 {[%emt 0:12:37]} c6 {[%emt 0:00:27]} 20. Ne1 $1 {[%emt 0:04:53] First
the knight goes to d3 where it is very well located.} Ke8 {[%emt 0:01:08]} 21.
Nd3 {[%emt 0:00:20]} Kd7 {[%emt 0:00:18]} 22. g4 $1 {[%emt 0:00:47] Clamping
move. Daniel King speaks about it at length in his Powerplay 5 DVD. Basically
one g-pawn controls three of Black's pawns on the kingside.} g5 {[%emt 0:07:13]
} 23. h4 {[%emt 0:09:14]} h6 {[%emt 0:06:06]} 24. Rh1 {[%emt 0:08:28]} Rh8 {
[%emt 0:01:17]} 25. e4 {[%emt 0:04:15]} Ng6 {[%emt 0:07:53]} 26. h5 {[%emt 0:
00:04] Now the h6-weakness is fixed forever.} Ne7 {[%emt 0:00:26]} 27. Ke3 {
[%emt 0:00:38]} Rhf8 {[%emt 0:01:57]} 28. f3 {[%emt 0:01:50]} a5 {[%emt 0:03:
13]} 29. Rhc1 {[%emt 0:03:17]} Ra7 {[%emt 0:10:49]} 30. Rc3 {[%emt 0:02:30]}
Rg8 {[%emt 0:01:40]} 31. b3 {[%emt 0:05:07]} Rf8 {[%emt 0:06:10]} 32. Nb2 {
[%emt 0:00:45]} Re8 {[%emt 0:01:42]} 33. Nc4 {[%emt 0:01:58]} Ra6 {[%emt 0:03:
03]} 34. Kf2 {[%emt 0:03:24]} Rd8 {[%emt 0:01:22]} 35. Rd3 {[%emt 0:08:23]} Ke8
{[%emt 0:04:04]} 36. e5 $1 {[%emt 0:10:46] Giving up the d5-square, but
getting d6 in return.} f5 {[%emt 0:01:01]} 37. Nd6+ {[%emt 0:00:05]} Kf8 {
[%emt 0:04:42]} 38. d5 $1 {[%emt 0:02:46] Brilliant breakthrough by Pavel. The
e-pawn cannot take it as then gxf5 is better for White. ...Nxd5 loses the
c6-pawn ad gxf5 also looks strong.} cxd5 {[%emt 0:01:30]} 39. Rc7 $1 {[%emt 0:
00:09] The rook enters the position and threatens all kind of things.} b5 {
[%emt 0:01:02]} 40. Nxb5 {[%emt 0:00:00]} Rc6 $6 {[%emt 0:05:00]} (40... fxg4
41. fxg4 Nc6 $11) 41. Nd4 $1 {[%emt 0:07:52]} Rxc7 {[%emt 0:00:25]} 42. Nxe6+ {
[%emt 0:00:05]} Kf7 {[%emt 0:00:50]} 43. Nxc7 {[%emt 0:00:38] White has not
only recovered the pawn, but also gained an extra one.} d4 {[%emt 0:00:41]} 44.
Nb5 {[%emt 0:01:05]} Rd5 {[%emt 0:02:35]} 45. e6+ {[%emt 0:05:34]} Kf6 {
[%emt 0:03:54]} 46. Nxd4 {[%emt 0:02:06]} Rd6 {[%emt 0:10:34] Lenderman had to
play this grudgingly as he had miscalculated.} (46... Nc6 {was his earlier
intention.} 47. Nxc6 Rxd3 48. e7 Kf7 49. Ne5+ $18 {and this was the check that
he had missed.}) 47. b4 {[%emt 0:09:07]} axb4 {[%emt 0:00:04]} 48. axb4 $18 {
[%emt 0:00:03] White is just two pawns up.} f4 {[%emt 0:01:01]} 49. b5 {
[%emt 0:01:26]} Ke5 {[%emt 0:02:17]} 50. Rd2 {[%emt 0:04:56]} Kf6 {[%emt 0:03:
04]} 51. Ke1 {[%emt 0:02:41]} Nd5 {[%emt 0:00:48]} 52. Re2 $2 {[%emt 0:01:27]}
(52. Kd1 $18) 52... Ne3 $1 {[%emt 0:01:01] The knight on d4 cannot move as
Rd1-f1 is a mate.} 53. e7 {[%emt 0:06:01]} Kf7 {[%emt 0:00:13]} (53... Rxd4 54.
Rxe3 $18) (53... Kxe7 54. Nf5+ $18) 54. Rd2 $4 {[%emt 0:01:05] The final
mistake of the game.} (54. Rxe3 $1 fxe3 55. Nf5 $14 {There is not a chance
that Black will be able to win this.}) (54. Rb2 {Lenderman also thought that
this move was holding for White. But it doesn't as after} Rxd4 $1 55. b6 Rb4 $1
$19 {is an important resource that was missed by Alex.}) 54... Rxd4 {[%emt 0:
00:34]} 55. Rb2 {[%emt 0:03:01]} Rd7 {[%emt 0:00:21]} 56. b6 {[%emt 0:00:10]}
Rb7 {[%emt 0:00:05]} 57. Ke2 {[%emt 0:00:18]} Nd5 {[%emt 0:01:04] A
heartbreaking loss for Eljanov and a happy end for Lenderman.} 0-1